Star Wars Jedi and Sith - Statistics

General Stats
  • This quiz has been taken 35 times
  • The average score is 11 of 21
Answer Stats
Hint Answer % Correct
Killed his master while he was sleeping Darth Sidious
96%
Trained Count Dooku Yoda
88%
The Chosen One Anakin Skywalker
84%
Son of a scoundrel and a princess Kylo Ren
84%
Apprentice of Darth Vader Galen Marek
80%
Betrayed the Jedi Order and became a Sith lord Count Dooku
76%
Uses both sides of the force, but never succumbs to the Dark Side Mace Windu
76%
Ended the reign of Darth Sidious Darth Vader
68%
Instituted the Rule of Two Darth Bane
64%
An orange light saber wielding Jedi who needed a breathing device Plo Koon
60%
Padawan of Count Dooku Qui Gon Jinn
60%
Padawan of Anakin Skywalker Ahsoka Tano
56%
Known for his smile and underwater prowess Kit Fisto
52%
Jedi killed by General Greivous in a deleted scene in Revenge of the Sith Shaak Ti
48%
Force sensitive individual who was trained under both of the Jedi and the Sith (Old Republic) Revan
36%
The Lord of Hunger Darth Nihilus
28%
Son of Han Solo and Leia Organa (Legends) Jacen Solo
28%
Jedi who had a wife and Children (with the Order's knowledge) Ki Adi Mundi
24%
Sith title of the above Darth Caedus
16%
The First Sith Lord Ajunta Pall
12%
Supposed Father of Anakin Skywalker Darth Plageius
8%
No matching quizzes found
Score Distribution
Percent of People with Each Score
Percentile by Number Answered
Your Score History
You have not taken this quiz